| 000 -LEADER |
| fixed length control field |
00605nam a22001937a 4500 |
| 008 - FIXED-LENGTH DATA ELEMENTS--GENERAL INFORMATION |
| fixed length control field |
151007b xxu||||| |||| 00| 0 eng d |
| 020 ## - INTERNATIONAL STANDARD BOOK NUMBER |
| International Standard Book Number |
9780495559672 |
| 020 ## - INTERNATIONAL STANDARD BOOK NUMBER |
| International Standard Book Number |
0495559997 |
| 041 0# - LANGUAGE CODE |
| Language code of text/sound track or separate title |
eng |
| 080 ## - UNIVERSAL DECIMAL CLASSIFICATION NUMBER |
| Universal Decimal Classification number |
510 |
| 100 1# - Rafti |
| Rafti |
Tan, S. T. |
| 240 10 - UNIFORM TITLE |
| Uniform title |
<a href="Mathematics for the managerial, life, and social sciences">Mathematics for the managerial, life, and social sciences</a> |
| 245 10 - TITLE STATEMENT |
| Title |
Applied mathematics for the managerial, life, and social sciences / |
| Statement of responsibility, etc |
Soo T. Tan. |
| 250 ## - |
| -- |
5th ed |
| 260 ## - |
| -- |
Australia ; |
| -- |
United States : |
| -- |
Brooks/Cole Cengage Learning, |
| -- |
2010. |
| 300 ## - |
| -- |
xxii, 919 f. : |
| -- |
me il.; |
| -- |
29 cm. |
| 650 #0 - |
| -- |
Matematik |
| 942 ## - ADDED ENTRY ELEMENTS (KOHA) |
| Source of classification or shelving scheme |
|
| Item type |
Books |